000 00405nam a22001697a 4500
005 20180703164404.0
008 160512b xxu||||| |||| 00| 0 eng d
020 _a978-0-07065665-9
041 _aeng
082 _b1766
_a658.15
100 _aChandra, Prasanna
_91156
245 _aManagement Accounting
260 _aNew Delhi
_bTMH
_c1984
300 _a1124p,
650 _aManagement
_9241
942 _cBK
999 _c681
_d681